| 000 | 00419nam a2200157Ia 4500 | ||
|---|---|---|---|
| 008 | 230312s9999||||xx |||||||||||||| ||und|| | ||
| 020 | _a81-7808-038-9 | ||
| 082 |
_a006.6 _bFOL-C |
||
| 100 | _aJames D. foley | ||
| 245 | 0 | _aComputer Graphics | |
| 260 |
_bPearson education _aIndia _c1996 |
||
| 300 | _a1158 | ||
| 546 | _aEng. | ||
| 650 |
_acomputer _vGraphics Hardware, Graphical transformation, Viewing3D |
||
| 942 | _cBK | ||
| 999 |
_c2830 _d2830 |
||